[Event "Las Palmas Insular-chT Pref-A"]
[Site "Las Palmas"]
[Date "2015.03.14"]
[Round "10.2"]
[White "Ramos Martinez, Antonio"]
[Black "Ruiz Romero, Pedro"]
[Result "1-0"]
[WhiteElo "1534"]
[BlackElo "1770"]
[PlyCount "47"]
[EventDate "2014.11.22"]
[EventType "team-tourn"]
[EventRounds "14"]
[EventCountry "ESP"]
[SourceTitle "EXT 2016"]
[Source "ChessBase"]
[SourceDate "2015.10.08"]
[SourceVersion "1"]
[SourceVersionDate "2015.10.08"]
[SourceQuality "1"]
[WhiteTeam "Dominicas"]
[BlackTeam "Anand Iberia II"]
[WhiteTeamCountry "ESP"]
[BlackTeamCountry "ESP"]

1. e4 c5 2. Nf3 g6 3. d4 Bg7 4. c3 cxd4 5. cxd4 d6 6. Nc3 Bg4 7. Bb5+ Nd7 8. Be3 a6 9. Be2 b5 10. h3 Bxf3 11. Bxf3 Rc8 12. 0-0 Ngf6 13. Bf4 0-0 14. e5 Ne8 15. Re1 b4 16. Nd5 dxe5 17. dxe5 a5 18. Bg5 f6 19. exf6 exf6 20. Ne7+ Kh8 21. Nxc8 fxg5 22. Nd6 Bxb2 23. Rxe8 Rxe8 24. Nf7+ 1-0

[Event "Las Palmas Insular-chT Pref-A"]
[Site "Las Palmas"]
[Date "2015.02.28"]
[Round "8.2"]
[White "Galvan Sarmiento, Jose Luis"]
[Black "Ramos Martinez, Antonio"]
[Result "1-0"]
[WhiteElo "1990"]
[BlackElo "1534"]
[PlyCount "139"]
[EventDate "2014.11.22"]
[EventType "team-tourn"]
[EventRounds "14"]
[EventCountry "ESP"]
[SourceTitle "EXT 2016"]
[Source "ChessBase"]
[SourceDate "2015.10.08"]
[SourceVersion "1"]
[SourceVersionDate "2015.10.08"]
[SourceQuality "1"]
[WhiteTeam "Villa de Teror Goya II"]
[BlackTeam "Dominicas"]
[WhiteTeamCountry "ESP"]
[BlackTeamCountry "ESP"]

1. d4 Nf6 2. Nf3 c5 3. d5 d6 4. c4 b5 5. cxb5 a6 6. b6 Qxb6 7. Nc3 g6 8. e4 Nbd7 9. Nd2 Bg7 10. Nc4 Qc7 11. f4 0-0 12. Bd3 Bb7 13. 0-0 Ne8 14. Bd2 Bd4+ 15. Kh1 Ng7 16. Qe2 e6 17. Ne3 Bxe3 18. Qxe3 Rae8 19. Qh3 exd5 20. exd5 c4 21. Be4 Nf6 22. Rae1 Qd7 23. Qh4 Qd8 24. Bf3 Nf5 25. Qf2 Nd7 26. Bg4 Qb6 27. Qxb6 Nxb6 28. Ne4 Nxd5 29. Bxf5 gxf5 30. Nxd6 Rxe1 31. Rxe1 Bc8 32. Nxc4 f6 33. Kg1 Rd8 34. Ba5 Rf8 35. g3 Bd7 36. Rd1 Be6 37. Re1 Bd7 38. Nd6 Rb8 39. b3 Kf8 40. Kf2 Nb4 41. Re2 Nc6 42. Bc3 Kg7 43. Nc4 Re8 44. Rd2 Be6 45. Rd6 Bxc4 46. bxc4 Rc8 47. Rxf6 Kg8 48. Rxf5 Ne7 49. Rg5+ Kf8 50. Bb4 Rxc4 51. Bxe7+ Kxe7 52. Rg7+ Kf6 53. Rxh7 Rc2+ 54. Ke3 Rxa2 55. g4 Kg6 56. Rh5 a5 57. Rg5+ Kf6 58. h4 Ra3+ 59. Ke2 Ra2+ 60. Kd3 Ra3+ 61. Kc2 Rh3 62. h5 a4 63. Kb2 Rg3 64. Rg6+ Kf7 65. g5 Re3 66. Rf6+ Kg7 67. f5 Re7 68. Rg6+ Kh7 69. f6 Rf7 70. Rg7+ 1-0

[Event "Gran Canaria-ch U12"]
[Site "Gran Canaria"]
[Date "2013.03.10"]
[Round "7.1"]
[White "Fernandez Arce, Aketza"]
[Black "Ramos Martinez, Antonio"]
[Result "1/2-1/2"]
[WhiteElo "1200"]
[BlackElo "1403"]
[PlyCount "33"]
[EventDate "2013.03.08"]
[EventType "tourn"]
[EventRounds "7"]
[EventCountry "ESP"]
[SourceTitle "EXT 2024"]
[Source "ChessBase"]
[SourceDate "2023.10.10"]
[SourceVersion "1"]
[SourceVersionDate "2023.10.10"]
[SourceQuality "1"]

1. e4 e5 2. Nf3 Nc6 3. Bb5 a6 4. Bxc6 dxc6 5. 0-0 Bg4 6. d4 Bxf3 7. Qxf3 exd4 8. Rd1 Qf6 9. Qxf6 Nxf6 10. Rxd4 Bc5 11. Rc4 0-0-0 12. Nc3 Bd6 13. Bg5 Rhe8 14. f4 b5 15. Rxc6 Kb7 16. Rxd6 cxd6 17. Nd5 1/2-1/2

[Event "Gran Canaria-ch U12"]
[Site "Gran Canaria"]
[Date "2013.03.09"]
[Round "3.1"]
[White "Ramos Martinez, Antonio"]
[Black "Henriquez Cazorla, Alejandro"]
[Result "1-0"]
[WhiteElo "1403"]
[BlackElo "1227"]
[PlyCount "53"]
[EventDate "2013.03.08"]
[EventType "tourn"]
[EventRounds "7"]
[EventCountry "ESP"]
[SourceTitle "EXT 2024"]
[Source "ChessBase"]
[SourceDate "2023.10.10"]
[SourceVersion "1"]
[SourceVersionDate "2023.10.10"]
[SourceQuality "1"]

1. e4 e6 2. d4 d5 3. e5 c5 4. c3 Nc6 5. Nf3 Qb6 6. dxc5 Bxc5 7. Qc2 Nge7 8. b4 Nxb4 9. cxb4 Bxb4+ 10. Bd2 Bc5 11. Bf4 Bd4 12. Qa4+ Nc6 13. Nxd4 Qxd4 14. Qxd4 Nxd4 15. Bd3 f6 16. Nc3 g5 17. Bg3 f5 18. f4 g4 19. Bf2 Nc6 20. Rb1 Rb8 21. Kd2 a6 22. Bb6 h5 23. Na4 Rh7 24. Rhc1 Re7 25. Bc5 Rf7 26. Bd6 Ra8 27. Nb6 1-0

[Event "Gran Canaria-ch U12"]
[Site "Gran Canaria"]
[Date "2013.03.09"]
[Round "6.3"]
[White "Ramos Martinez, Antonio"]
[Black "Ramirez Maillo, Cristian"]
[Result "0-1"]
[WhiteElo "1403"]
[BlackElo "1239"]
[PlyCount "91"]
[EventDate "2013.03.08"]
[EventType "tourn"]
[EventRounds "7"]
[EventCountry "ESP"]
[SourceTitle "EXT 2024"]
[Source "ChessBase"]
[SourceDate "2023.10.10"]
[SourceVersion "1"]
[SourceVersionDate "2023.10.10"]
[SourceQuality "1"]

1. e4 c5 2. Nf3 d6 3. d4 cxd4 4. Nxd4 Nf6 5. Nc3 g6 6. g3 Bg7 7. Bg2 0-0 8. 0-0 Bd7 9. Re1 Qc7 10. Be3 Nc6 11. Qd2 Ne5 12. Qe2 Nc4 13. Rab1 Nxe3 14. Qxe3 Ng4 15. Qd2 Ne5 16. Nd5 Qd8 17. b3 Nc6 18. Nxc6 bxc6 19. Ne3 Be6 20. c4 Qc7 21. Red1 c5 22. Nd5 Bxd5 23. exd5 a5 24. Re1 Rfb8 25. Be4 Bd4 26. Bc2 Kg7 27. Qd3 Bf6 28. Qf3 Qd7 29. Red1 Rb4 30. Qd3 Be5 31. Qf3 a4 32. Rd3 axb3 33. Bxb3 Rab8 34. Re1 Bf6 35. Qf4 Be5 36. Qf3 h5 37. Kg2 Qg4 38. Qxg4 hxg4 39. Red1 R8b7 40. Rf1 Kf6 41. Re1 g5 42. Rde3 Kg6 43. R3e2 f5 44. Re3 f4 45. Rxe5 dxe5 46. Rxe5 0-1

[Event "Las Palmas op 32nd"]
[Site "Las Palmas"]
[Date "2011.12.08"]
[Round "9"]
[White "Rossello Padron, Carlos Eduardo"]
[Black "Ramos Martinez, Antonio"]
[Result "1-0"]
[WhiteElo "1962"]
[BlackElo "1582"]
[PlyCount "81"]
[EventDate "2011.12.02"]
[EventType "swiss"]
[EventRounds "9"]
[EventCountry "ESP"]
[SourceTitle "CBM 145 Extra"]
[Source "ChessBase"]
[SourceDate "2012.01.03"]
[SourceVersion "1"]
[SourceVersionDate "2012.01.03"]
[SourceQuality "1"]

1. b3 d5 2. Bb2 c5 3. e3 Nc6 4. Bb5 Bd7 5. f4 Nf6 6. Nf3 e6 7. 0-0 Bd6 8. d3 a6 9. Bxc6 Bxc6 10. Ne5 Rg8 11. Nd2 Nd7 12. Qh5 Bxe5 13. fxe5 Qe7 14. Qxh7 0-0-0 15. Qh5 Rdf8 16. c4 g6 17. Qe2 Rh8 18. d4 Rh7 19. cxd5 exd5 20. Rac1 Kb8 21. Rf2 Bb5 22. Qf3 Bc6 23. g3 Qe6 24. e4 dxe4 25. Nxe4 f5 26. Ng5 Bxf3 27. Nxe6 Bc6 28. Nxf8 Nxf8 29. Rxc5 Ne6 30. Rc1 Ng5 31. Rxc6 bxc6 32. Kg2 Kc7 33. Rc2 Kd7 34. Rc5 Ne6 35. Ra5 Nc7 36. Ba3 Rh8 37. Bd6 Ra8 38. Bxc7 Kxc7 39. Kf3 Kb6 40. b4 Rd8 41. Ke3 1-0

[Event "Las Palmas Aperturas Anand-Iberia"]
[Site "Las Palmas de Gran Canaria"]
[Date "2011.10.27"]
[Round "6.5"]
[White "Ramos Martinez, Antonio"]
[Black "Suarez Ramirez, Jonay"]
[Result "0-1"]
[WhiteElo "1651"]
[BlackElo "1444"]
[PlyCount "96"]
[EventDate "2011.10.10"]
[EventType "swiss"]
[EventRounds "6"]
[EventCountry "ESP"]
[SourceTitle "EXT 2024"]
[Source "ChessBase"]
[SourceDate "2023.10.10"]
[SourceVersion "1"]
[SourceVersionDate "2023.10.10"]
[SourceQuality "1"]

1. e4 e5 2. Nf3 Nc6 3. Bb5 a6 4. Ba4 Nf6 5. 0-0 Be7 6. Re1 b5 7. Bb3 0-0 8. c3 d5 9. exd5 Nxd5 10. Nxe5 Nxe5 11. Rxe5 c6 12. d4 Bd6 13. Re1 Qh4 14. g3 Qh3 15. Be3 Bg4 16. Qd3 Rae8 17. Nd2 Qh5 18. Bd1 f5 19. Bxg4 Qxg4 20. Qe2 Qg6 21. Qd3 Re6 22. Nf3 f4 23. Qxg6 Rxg6 24. Nd2 fxe3 25. fxe3 Re6 26. e4 Nb6 27. e5 Be7 28. b3 Nd5 29. c4 Nb4 30. d5 cxd5 31. cxd5 Nxd5 32. Nf1 Nb4 33. Re4 Nd3 34. Re3 Bc5 35. Kg2 Bxe3 36. Nxe3 Rxe5 37. Nf1 Re1 38. Rxe1 Nxe1+ 39. Kg1 Nd3 40. a4 bxa4 41. bxa4 Nb2 42. Nd2 Nxa4 43. Ne4 a5 44. Nf2 Nc3 45. Kf1 Ne4 46. Ke1 Rxf2 47. h4 a4 48. Kd1 a3 0-1

[Event "Las Palmas Aperturas Anand-Iberia"]
[Site "Las Palmas de Gran Canaria"]
[Date "2011.10.24"]
[Round "5.3"]
[White "Rodriguez Manzaneda, Javier"]
[Black "Ramos Martinez, Antonio"]
[Result "1-0"]
[WhiteElo "1494"]
[BlackElo "1651"]
[PlyCount "117"]
[EventDate "2011.10.10"]
[EventType "swiss"]
[EventRounds "6"]
[EventCountry "ESP"]
[SourceTitle "EXT 2024"]
[Source "ChessBase"]
[SourceDate "2023.10.10"]
[SourceVersion "1"]
[SourceVersionDate "2023.10.10"]
[SourceQuality "1"]

1. e4 e6 2. d4 d5 3. Nd2 Be7 4. Ngf3 Nf6 5. Bd3 c5 6. e5 Nfd7 7. c3 Nc6 8. 0-0 g5 9. dxc5 g4 10. Nd4 Ndxe5 11. Bb5 Bd7 12. f4 Nxd4 13. Bxd7+ Nxd7 14. cxd4 h5 15. Nb3 Rc8 16. Bd2 Qc7 17. Rc1 Nb8 18. Na5 Nc6 19. Qa4 Qd7 20. Nxc6 bxc6 21. Qa5 Qb7 22. Qb4 Qxb4 23. Bxb4 Rb8 24. Bc3 a5 25. Bxa5 Rxb2 26. a4 Ra2 27. Ra1 Rxa1 28. Rxa1 Bf6 29. Rd1 Kd7 30. Bb6 Ra8 31. a5 Bd8 32. Kf2 Bh4+ 33. g3 Bd8 34. Ke3 Kc8 35. Ra1 Bc7 36. a6 Bd8 37. Bxd8 Kxd8 38. f5 Ke7 39. Kf4 Kf6 40. fxe6 fxe6 41. a7 Kg6 42. Ke5 Kf7 43. Kd6 Kf6 44. Kxc6 e5 45. dxe5+ Kxe5 46. Kb7 Re8 47. a8Q Rxa8 48. Rxa8 d4 49. c6 d3 50. Rd8 Ke4 51. c7 Kf3 52. Rxd3+ Kg2 53. Rd2+ Kh3 54. c8Q h4 55. gxh4 Kxh4 56. Rd4 Kh3 57. Qxg4+ Kxh2 58. Rd2+ Kh1 59. Qg2# 1-0

[Event "La Caja Vecindario-A"]
[Site "La Caja de Vecindario"]
[Date "2011.09.23"]
[Round "7.3"]
[White "Ramos Martinez, Antonio"]
[Black "Rodriguez Manzaneda, Irene"]
[Result "1/2-1/2"]
[WhiteElo "1651"]
[BlackElo "1634"]
[PlyCount "135"]
[EventDate "2011.09.15"]
[EventType "tourn"]
[EventRounds "7"]
[EventCountry "ESP"]
[SourceTitle "EXT 2024"]
[Source "ChessBase"]
[SourceDate "2023.10.10"]
[SourceVersion "1"]
[SourceVersionDate "2023.10.10"]
[SourceQuality "1"]

1. d4 d5 2. c4 e6 3. Nc3 Nf6 4. Nf3 Be7 5. Bg5 h6 6. Bh4 0-0 7. e3 b6 8. Be2 Bb7 9. 0-0 Nbd7 10. cxd5 Nxd5 11. Nxd5 Bxh4 12. Nc3 Bf6 13. Rc1 c5 14. dxc5 Nxc5 15. Qxd8 Rfxd8 16. Rfd1 Ne4 17. Nxe4 Bxe4 18. Rxd8+ Rxd8 19. b3 Bb2 20. Rd1 Rc8 21. Bc4 Kf8 22. Nd4 Ke7 23. f3 Bb7 24. Kf2 a6 25. h3 b5 26. Bd3 Rd8 27. Be4 Bxe4 28. fxe4 Rc8 29. Ke2 g6 30. g4 Rc1 31. Rxc1 Bxc1 32. Nc6+ Kd6 33. Nb4 a5 34. Nd3 Ba3 35. Kd2 f5 36. exf5 exf5 37. gxf5 gxf5 38. Ke2 Kd5 39. Kf3 Bd6 40. h4 a4 41. h5 Bc7 42. Nb2 axb3 43. axb3 Ke6 44. Nd3 Kf6 45. Nf4 Bb8 46. Kg3 Kg5 47. Kf3 Bxf4 48. exf4+ Kxh5 49. Kg3 b4 50. Kh3 Kg6 51. Kh4 Kf6 52. Kh5 Ke6 53. Kxh6 Kd5 54. Kh5 Kd4 55. Kg6 Kc3 56. Kxf5 Kxb3 57. Kg6 Kc4 58. f5 b3 59. f6 b2 60. f7 b1Q+ 61. Kg7 Qg1+ 62. Kh7 Qh2+ 63. Kg6 Qg3+ 64. Kh6 Qf4+ 65. Kg7 Qg5+ 66. Kh8 Qf6+ 67. Kg8 Qg6+ 68. Kh8 1/2-1/2

[Event "La Caja Vecindario-A"]
[Site "La Caja de Vecindario"]
[Date "2011.09.22"]
[Round "6.2"]
[White "Guerrero Orihuela, Jose Luis"]
[Black "Ramos Martinez, Antonio"]
[Result "1-0"]
[WhiteElo "1465"]
[BlackElo "1651"]
[PlyCount "47"]
[EventDate "2011.09.15"]
[EventType "tourn"]
[EventRounds "7"]
[EventCountry "ESP"]
[SourceTitle "EXT 2024"]
[Source "ChessBase"]
[SourceDate "2023.10.10"]
[SourceVersion "1"]
[SourceVersionDate "2023.10.10"]
[SourceQuality "1"]

1. d4 d5 2. c4 e6 3. Nc3 Nf6 4. Nf3 Nbd7 5. e3 c6 6. c5 b6 7. b4 bxc5 8. bxc5 g6 9. Bd3 Bg7 10. 0-0 0-0 11. e4 dxe4 12. Nxe4 Bb7 13. Nd6 Qc7 14. Bf4 Bc8 15. Qd2 Qd8 16. Bh6 Ne8 17. Ne4 Nef6 18. Rae1 Nxe4 19. Rxe4 Nf6 20. Rh4 Bxh6 21. Qxh6 Nh5 22. Ng5 Nf6 23. Nxh7 Re8 24. Ng5 1-0